| 000 | 01254cam a2200325 a 4500 | ||
|---|---|---|---|
| 999 |
_c128716 _d128716 |
||
| 001 | 1654014 | ||
| 003 | ARRUPE | ||
| 005 | 20181205100643.0 | ||
| 008 | 970729s1998 nyua b 001 0 eng | ||
| 010 | _a 97030434 | ||
| 020 | _a0151003408 | ||
| 040 |
_aDLC _cDLC _dDLC |
||
| 050 | 0 | 0 |
_aGN281 _b.T355 1998 |
| 082 | 0 | 0 |
_a599.93/8 _221 |
| 100 | 1 |
_aTattersall, Ian. _943790 |
|
| 245 | 1 | 0 |
_aBecoming human : _bevolution and human uniqueness / _cIan Tattersall. |
| 250 | _a1st ed. | ||
| 260 |
_aNew York : _bHarcourt Brace, _cc1998. |
||
| 300 |
_a258 p. : _bill. ; _c24 cm. |
||
| 504 | _aIncludes bibliographical references (p. [243]-245) and index. | ||
| 650 | 0 |
_aHuman evolution. _943791 |
|
| 650 | 0 |
_aPrimates _xEvolution. _943792 |
|
| 650 | 0 |
_aFossil hominids. _943793 |
|
| 650 | 0 |
_aSocial evolution. _916227 |
|
| 856 | 4 | 2 |
_3Publisher description _uhttp://www.loc.gov/catdir/description/har041/97030434.html |
| 856 | 4 | 2 |
_3Contributor biographical information _uhttp://www.loc.gov/catdir/enhancements/fy1003/97030434-b.html |
| 906 |
_a7 _bcbc _corignew _d1 _eocip _f19 _gy-gencatlg |
||
| 942 |
_2lcc _cMONOGRAPH |
||